000 00229 a2200085 4500
020 _a978-0226239163
100 _aHassan Fathy
245 _aArchitecture for the Poor : An Experiment in Rural Egypt
260 _bUniv of Chicago Pr
_c1976
999 _c13181
_d13181